000 00458pab a2200157 454500
008 180718b1984 xxu||||| |||| 00| 0 eng d
100 _aSteel, David
245 _aThe integration of public enterprise and exchequer finances
_bUnravelling the damaging myths
260 _c1984
300 _a337-48
362 _aAutumn
650 _aGovernment Enterprise - Finance - U.K.
700 _aDavid Heald
773 _aPublic Administration (U.K.)
909 _a9250
999 _c9250
_d9250